000 00394nam a2200145Ia 4500
008 230917s9999||||xx |||||||||||||| ||und||
040 _e36026
_aMAIN
041 _aEnglish
082 _a658.3 S64P
100 _aSingh, N K, ed.
245 0 _aPersonnel management in some Asian countries
260 _aCalcutta
_bIndian Institute of Personnel Management
300 _axvi, 238 p.
942 _cBK
999 _c92053
_d92053